|
|
|
|
| LEADER |
00000cam a2200000 4500 |
| 001 |
vtls011974720 |
| 003 |
SK-MaSNL |
| 005 |
20260514132739.0 |
| 008 |
220509s2019 xo grn 000 0 slo |
| 015 |
|
|
|a SNBA2021/03
|
| 020 |
|
|
|a 9788081912443
|q (brožované)
|
| 035 |
|
|
|a urn:nbn:sk:snk-am00ghdj
|
| 035 |
|
|
|a urn:nbn:sk:snk-am3j6b1
|
| 035 |
|
|
|a E94C043F-6FEF-44D9-9D1A-82CD999F24C0
|
| 040 |
|
|
|a SNK
|b slo
|c SNK
|e rda
|
| 041 |
0 |
|
|a slo
|
| 043 |
|
|
|a e-xo---
|
| 044 |
|
|
|a xo
|c SK
|
| 072 |
|
7 |
|a 2-23/-27
|x Biblia. Biblistika
|2 konspekt
|
| 080 |
|
|
|a 27-23
|2 2011
|
| 080 |
|
|
|a 2-27
|2 2011
|
| 080 |
|
|
|a 2-67
|2 2011
|
| 080 |
|
|
|a (437.6)
|2 2011
|
| 080 |
|
|
|a (048.8)
|2 2011
|
| 080 |
|
|
|a (082)
|2 2011
|
| 245 |
0 |
0 |
|a Biblia v interkonfesionálnom a kultúrnom kontexte na Slovensku
|b Sväté písmo v dialógu
|c editor: Jozef Kyselica
|
| 246 |
3 |
0 |
|a Sväté písmo v dialógu
|
| 250 |
|
|
|a Prvé vydanie
|
| 264 |
|
1 |
|a Trnava
|b Dobrá kniha
|c 2019
|
| 300 |
|
|
|a 293 strán
|c 23 cm
|
| 336 |
|
|
|a text
|b txt
|2 rdacontent
|
| 337 |
|
|
|a bez média
|b n
|2 rdamedia
|
| 338 |
|
|
|a zväzok
|b nc
|2 rdacarrier
|
| 500 |
|
|
|a Vydané pre Teologickú fakultu Trnavskej univerzity
|
| 504 |
|
|
|a Obsahuje bibliografiu ; bibliografické odkazy
|
| 630 |
0 |
7 |
|a Biblia
|2 SNKPHunif
|9 17043
|
| 648 |
|
7 |
|a 20.-21. storočie
|2 SNKPH
|9 302531
|
| 650 |
0 |
7 |
|a biblistika
|2 SNKPH
|9 1798
|
| 650 |
0 |
7 |
|a Biblistics
|2 SNKPHeng
|9 294649
|
| 650 |
0 |
7 |
|a medzináboženský dialóg
|2 SNKPH
|9 90424
|
| 650 |
0 |
7 |
|a Interreligious dialogue
|2 SNKPHeng
|9 306501
|
| 651 |
|
7 |
|a Slovensko
|2 SNKPHgeo
|9 14231
|
| 651 |
|
7 |
|a Slovakia
|2 SNKPHeng
|9 92630
|
| 655 |
|
7 |
|a štúdie
|2 SNKPH
|9 57033
|
| 655 |
|
7 |
|a Studies
|2 SNKPHeng
|9 265573
|
| 655 |
|
7 |
|a zborníky
|2 SNKPH
|9 70165
|
| 655 |
|
7 |
|a Papers by one author
|2 SNKPHeng
|9 155030
|
| 700 |
1 |
|
|a Kyselica, Jozef,
|d 1949-2021
|4 edt
|9 1638793
|
| 919 |
|
|
|a 978-80-8191-244-3
|
| 958 |
|
|
|a NB
|
| 958 |
|
|
|a NT
|
| 999 |
|
|
|c 952059
|d 953989
|
| 952 |
|
|
|a SNK
|b SNK
|y PREZ
|7 0
|p 17A1427153
|o snkSC 189027
|i snk2020/10604
|8 0
|0 0
|1 0
|4 0
|d 2020-06-17
|f 1
|l 0
|r 2025-10-06 00:00:00
|w 2026-02-24
|
| 952 |
|
|
|a SNK
|b SNK
|y VYP
|7 0
|p 17A1427154
|o snkSC 189027 D1
|i snk2020/10605
|8 0
|0 0
|1 0
|4 0
|d 2020-06-17
|l 0
|r 2026-02-24 09:52:11
|w 2026-02-24
|